Случайные столицы - Statistics

General Stats
  • This quiz has been taken 162 times
  • The average score is 12 of 15
Answer Stats
Hint Answer % Correct
Россия Москва
98%
Япония Токио
96%
Беларусь Минск
92%
Польша Варшава
91%
Египет Каир
85%
Австрия Вена
84%
Канада Оттава
84%
Азербайджан Баку
83%
Сингапур Сингапур
81%
Индонезия Джакарта
72%
Ирак Багдад
69%
Албания Тирана
64%
Гватемала Гватемала
53%
Колумбия Богота
52%
Марокко Рабат
52%
No matching quizzes found
Score Distribution
Percent of People with Each Score
Percentile by Number Answered
Your Score History
You have not taken this quiz